000 01582nam0a2200337 4500
001 RU\NLR\BIBL_A\011364358
005 20260406094719.0
010 _a9785926822882
_95500
021 _aRU
_b2017-16180
_91201
035 _a(RuMoRGB)008819443
035 _a(NLR Aleph) 011364358
090 _a11316122
_c11316122
100 _a20170410d2017 d y0rusy50 ca
101 1 _arus
_ceng
102 _aRU
105 _aa z 000ay
200 1 _aАнглийские народные сказки и легенды
_e[для детей среднего школьного возраста
_fперевод с английского Натальи Шерешевской]
_gхудожник Ника Гольц
210 _aСанкт-Петербург
_aМосква
_cРечь
_d2017
215 _a140, [2] с.
_cил.
_d27
225 1 _aОбраз Речи
327 0 _aСодерж.: Биннори; Волшебная мазь; Волшебный рог; Рыжий Эттин; Дочь графа Мара; Джек и бобовый стебель; Тростникова шапка; Домовой из Хилтона; Ученик чародея; Джек - Победитель Великанов [и др.]
333 _a12+
686 _aШ9(2)42(4Вл)
_2rubbk
686 0 _aШ9(4Вл)4-2
702 1 _4040
_8rus
_7ca
_aГольц
_bН. Г.
_f1925-2012
_gНика Георгиевна
_3RU\NLR\AUTH\7769827
_952755
942 _cBOOK
980 _aNBR